Musical Source Match Quiz Stats

 Plays Quiz not verified by Sporcle

Score 0/15 Timer 01:30
0 Plays Today
% Correct
The Sound of Music
94.2%
South Pacific
94.2%
Cats
93.5%
The King and I
91%
Once Upon a Mattress
89%
Damn Yankees
86.7%
Man of La Mancha
85.7%
Mame
83%
% Correct
Blood Brothers
81.5%
Grand Hotel
81.2%
Big River
81%
Camelot
79.2%
LoveMusik
56.9%
Violet
51.1%
Flora the Red Menace
50.4%

You're not logged in!

Compare scores with friends on all Sporcle quizzes.
OR
Log In

Sporcle TV

Today on Sporcle TV


Watch our educational content, quiz creation guides, and fun videos on Sporcle TV.

Show Comments

Extras

Top Quizzes Today


Score Distribution

Your Account Isn't Verified!

In order to create a playlist on Sporcle, you need to verify the email address you used during registration. Go to your Sporcle Settings to finish the process.

Report this User

Report this user for behavior that violates our Community Guidelines.

Details: